Wo sie Kanzler? - Statistiken

Allgemein
  • Dieses Quiz wurde 260 mal gespielt
  • Das Durchschnittsergebnis liegt bei 12 aus 12
Antwortstatistiken
Bildquiz Antwort % Korrekt
Ja
100%
Ja
100%
Ja
100%
Ja
100%
Nein
100%
Nein
100%
Nein
100%
Ja
99%
Nein
99%
Nein
99%
Nein
99%
Ja
98%
Keine übereinstimmenden Quizze gefunden
Verteilung der Resultate
Anzahl Personen mit jedem Resultat
Perzentil nach korrekt beantworteten Fragen
Ihre Resultats-Entwicklung
Sie haben dieses Quiz noch nicht gespielt